000 00689nam a2200217 i 4500
001 C2-0112827
003 PPAK
005 20180727104040.0
008 970705s xx a|||| ||||| | may d
040 _aPPAK
_beng
_cPPAK
_erda
082 0 4 _a920.99595112
_223
090 0 0 _a920.99595112
_bIBR
_dKK
245 0 0 _aIbrahim Ismail :
_bsejarah hidup bergambar
264 1 _a[place of publication not identified] :
_b[publisher not identified] ,
_c[date of publication not identified]
300 _a76 pages :
_billustrations ;
_c33 cm
336 _2rdacontent
_atext
337 _2rdamedia
_aunmediated
338 _2rdacarrier
_avolume
650 1 0 _aAuthors, Malay - Kedah
942 _ddc
_cB
999 _c28482
_d28482